000 00781cab a2200277 4500
001 ABS52235
008 090401t1995 xxu||||| |||| 00| 0 eng d
035 _a(Sirsi) u67246
041 _aeng
100 _aMcNicholl, A.
245 _aDaylighting in perspective
260 _c1995
350 _a0
490 _aArchitects` Journal
_v201(7) 16 February 1995, 35-37(3)
520 _aHighlights the energy and cost-saving benefits of daylighting.
650 _aCOSTS
650 _aDAYLIGHTING
650 _aENERGY SAVING
650 _aNATURAL LIGHT
650 _aNATURAL VENTILATION
650 _aORGANISATION FOR THE PROMOTION OF ENERGY TECHNOLOGIES
650 _aTHERMIE
690 _aBUILT ENVIRONMENT-CONSTRUCTION DESIGN
942 _n0
948 _c04/03/1997
999 _c42080
_d42080